000 01073nac a22002531u 4500
010 _a 97031664
020 _a3540633286 (alk. paper)
082 0 0 _a363.7384
_bSCH
090 _c5994
_d5994
100 _aScheumann, Waltina,
245 1 0 _aManaging salinization :
_binstitutional analysis of public irrigation systems /
_cWaltina Scheumann.
260 _aBerlin ;
_aNew York :
_bSpringer,c.1997.
_cc.1997.
300 _axvi, 274 p. :
_bill., maps ;
_c24 cm.
500 _aOriginally presented as the author's thesis (doctoral--Technical University of Berlin) under the title: Institutional analysis of salinization in public irrigation systems.
500 _aDistributer: Al-Ahram.
504 _aIncludes bibliographical references (p. [255]-270) and index.
511 _aCatalogued By: Mahitab.
650 0 _aSalinization.
650 0 _aSalinization
_xControl.
650 0 _aIrrigation.
650 0 _aIrrigation
_xGovernment policy.
650 0 _aWater resources development
_xGovernment policy.
942 _cBB
_k363.7384SCH
999 _c5994
_d5994